| 000 | 01338cab a22002415a 4500 | ||
|---|---|---|---|
| 001 | L139466 | ||
| 008 | 070727e20070709xxkd f s 000 0 eng d | ||
| 035 | _a(Sirsi) u139466 | ||
| 041 | 0 | _aeng | |
| 050 | 0 | 4 | _a711.52 $2 18 |
| 100 | 1 | _aAthey, Glenn | |
| 245 | 0 | 0 |
_aTwo-track cities _bthe challenge of sustaining growth and building opportunity _h[electronic resource] |
| 260 |
_aLondon _bIPPR _c2007 |
||
| 490 |
_aCentre For Cities Discussion Papers _v11 |
||
| 520 | _aDescribes the challenges for UK cities in the coming years. Argues that there are two types of city: those which have experienced success and renaissance in recent years, and those which have not. They share common challenges to share opportunity and each have areas of deprivation. However those which have experienced recent growth face the challenge of sustaining it. Describes the key processes, factors and drivers of economic performance. Presents the Centre for Cities' agenda for work over the next three years. | ||
| 590 | _aKA | ||
| 651 | 4 |
_aUnited Kingdom _y |
|
| 690 | _aENVIRONMENTAL AND LAND CONSULTANCY-SUSTAINABILITY-SUSTAINABLE DEVELOPMENT | ||
| 700 | 1 | _aLucci, Paula | |
| 700 | 1 | _aWebber, Chris | |
| 856 | 4 | 0 |
_uhttps://www.ippr.org/publicationsandreports/publication.asp?id=551 _zView the article free of charge at www.ippr.org... |
| 942 | _n0 | ||
| 999 |
_c107301 _d107301 |
||